Central Library OPAC University of Rajshahi

The Industrial Revolution, 1760-1860 / (Record no. 43143)

MARC details
000 -LEADER
fixed length control field 00858cam a2200265 4500
001 - CONTROL NUMBER
control field 43143
003 - CONTROL NUMBER IDENTIFIER
rucl marc code BD-RjUL
005 - DATE AND TIME OF LATEST TRANSACTION
control field 20211209053643.0
008 - FIXED-LENGTH DATA ELEMENTS--GENERAL INFORMATION
fixed length control field 160619s1969 enkabeh 000 0 eng
035 ## - SYSTEM CONTROL NUMBER
System control number (BD-RjUL)43261
040 ## - CATALOGING SOURCE
Original cataloging agency DLC
Transcribing agency DLC
Modifying agency DLC
Language of cataloging eng
041 ## - LANGUAGE CODE
Language code of text/sound track or separate title eng
082 00 - DEWEY DECIMAL CLASSIFICATION NUMBER
Classification number 301.5094274
Author mark and year HUI 1969
100 1# - MAIN ENTRY--PERSONAL NAME
Personal name Humpjhreys, M. E. Beggs
9 (RLIN) 132483
245 12 - TITLE STATEMENT
Title The Industrial Revolution, 1760-1860 /
Statement of responsibility, etc. M. E. Beggs Humpjhreys
260 ## - PUBLICATION, DISTRIBUTION, ETC. (IMPRINT)
Place of publication, distribution, etc. Harlow :
Name of publisher, distributor, etc. Longmans,
Date of publication, distribution, etc. 1969.
300 ## - PHYSICAL DESCRIPTION
Pagination 48 p. :
Illustrations ill. ;
Size 18 cm.
350 ## - PRICE (NR) (BK AM CF MU VM SE) [OBSOLETE]
Price 5/- (non-net)
490 0# - SERIES STATEMENT
Series statement Then and there series
650 #0 - SUBJECT ADDED ENTRY--TOPICAL TERM
Topical term or geographic name as entry element Iron industry and trade
Geographic subdivision England
-- Yorkshire
General subdivision History.
9 (RLIN) 132484
Topical term or geographic name as entry element Coal mines and mining
Geographic subdivision England
-- Yorkshire
General subdivision History.
9 (RLIN) 132485
Topical term or geographic name as entry element Industrial revolution
Geographic subdivision England
-- Yorkshire.
9 (RLIN) 132486
942 ## - ADDED ENTRY ELEMENTS (KOHA)
Source of classification or shelving scheme Dewey Decimal Classification
Koha item type Books
Holdings
Lost status Source of classification or shelving scheme Damaged status Not for loan Collection code Permanent Location Current Location Shelving location Date acquired Source of acquisition Cost, normal purchase price Total Checkouts Full call number Date last seen Copy number Koha item type Date checked out
  Dewey Decimal Classification     Non-fiction Central Library, University of Rajshahi Central Library, University of Rajshahi   24/08/1989 Zeithlinger 8.90   301.5094274 HUI 1969 19/06/2016 C-2 Books  
  Dewey Decimal Classification     Non-fiction Central Library, University of Rajshahi Central Library, University of Rajshahi   24/08/1989 Zeithlinger 8.90   301.5094274 HUI 1969 20/06/2016 C-3 Books  
  Dewey Decimal Classification     Non-fiction Central Library, University of Rajshahi Central Library, University of Rajshahi   24/08/1989 Zeithlinger 8.90 1 301.5094274 HUI 1969 30/07/2019 C-4 Books 28/07/2019
  Dewey Decimal Classification     Non-fiction Central Library, University of Rajshahi Central Library, University of Rajshahi   24/08/1989 Zeithlinger 8.90   301.5094274 HUI 1969 20/06/2016 C-5 Books  
  Dewey Decimal Classification     Non-fiction Central Library, University of Rajshahi Central Library, University of Rajshahi   24/08/1989 Zeithlinger 8.90   301.5094274 HUI 1969 20/06/2016 C-6 Books